Quagmire : Nation-building and nature in the Mekong Delta

In the twentieth century, the Mekong Delta has emerged as one of Vietnam’s most important economic regions. Its swamps, marshes, creeks, and canals have played a major role in Vietnam’s turbulent past, from the struggles of colonialism to the Cold War and the present day. Quagmire considers these st...

Deskribapen osoa

Gorde:
Xehetasun bibliografikoak
Egile nagusia: Biggs, David A.
Formatua: Liburua
Hizkuntza:Undetermined
Argitaratua: Seattle University of Washington Press 2010
Gaiak:
Etiketak: Etiketa erantsi
Etiketarik gabe, Izan zaitez lehena erregistro honi etiketa jartzen!
Thư viện lưu trữ: Trung tâm Học liệu Trường Đại học Cần Thơ
LEADER 01029nam a2200217Ia 4500
001 CTU_228467
008 210402s9999 xx 000 0 und d
082 |a 959.7 
082 |b B592 
100 |a Biggs, David A. 
245 0 |a Quagmire : 
245 0 |b Nation-building and nature in the Mekong Delta 
245 0 |c David Biggs ; Foreword by William Cronon 
260 |a Seattle 
260 |b University of Washington Press 
260 |c 2010 
520 |a In the twentieth century, the Mekong Delta has emerged as one of Vietnam’s most important economic regions. Its swamps, marshes, creeks, and canals have played a major role in Vietnam’s turbulent past, from the struggles of colonialism to the Cold War and the present day. Quagmire considers these struggles, their antecedents, and their legacies through the lens of environmental history. 
650 |a Xây dựng Quốc gia,Nation-building 
650 |z Việt Nam,Vietnam 
910 |b dqhieu 
980 |a Trung tâm Học liệu Trường Đại học Cần Thơ